Nitrogen-containing andrographolide derivatives with multidrug resistance reversal effects in cancer cells

A set of twenty-three new andrographolide derivatives, bearing a nitrogen-containing moiety, is reported. Several derivatives were found to be promising leads for reversing cancer multidrug resistance.

Elmentve itt :
Bibliográfiai részletek
Szerzők: Ribeiro Joana R. L.
Szemerédi Nikoletta
Gonçalves Bruno M. F.
Spengler Gabriella
Afonso Carlos A. M.
Ferreira Maria-José U.
Dokumentumtípus: Cikk
Megjelent: 2024
Sorozat:RSC MEDICINAL CHEMISTRY 15 No. 4
Tárgyszavak:
doi:10.1039/D3MD00711A

mtmt:34753868
Online Access:http://publicatio.bibl.u-szeged.hu/29964
LEADER 01274nab a2200289 i 4500
001 publ29964
005 20240507101735.0
008 240326s2024 hu o 000 eng d
022 |a 2632-8682 
024 7 |a 10.1039/D3MD00711A  |2 doi 
024 7 |a 34753868  |2 mtmt 
040 |a SZTE Publicatio Repozitórium  |b hun 
041 |a eng 
100 1 |a Ribeiro Joana R. L. 
245 1 0 |a Nitrogen-containing andrographolide derivatives with multidrug resistance reversal effects in cancer cells  |h [elektronikus dokumentum] /  |c  Ribeiro Joana R. L. 
260 |c 2024 
300 |a 1348 -1361 
490 0 |a RSC MEDICINAL CHEMISTRY  |v 15 No. 4 
520 3 |a A set of twenty-three new andrographolide derivatives, bearing a nitrogen-containing moiety, is reported. Several derivatives were found to be promising leads for reversing cancer multidrug resistance. 
650 4 |a Klinikai orvostan 
700 0 1 |a Szemerédi Nikoletta  |e aut 
700 0 1 |a Gonçalves Bruno M. F.  |e aut 
700 0 1 |a Spengler Gabriella  |e aut 
700 0 1 |a Afonso Carlos A. M.  |e aut 
700 0 1 |a Ferreira Maria-José U.  |e aut 
856 4 0 |u http://publicatio.bibl.u-szeged.hu/29964/3/34753868_megjelent.pdf  |z Dokumentum-elérés  
856 4 0 |u http://publicatio.bibl.u-szeged.hu/29964/1/RSC_d3md00711a.pdf  |z Dokumentum-elérés